| 000 | 00531nam a22002177a 4500 | ||
|---|---|---|---|
| 005 | 20171219092340.0 | ||
| 008 | 171219b xxu||||| |||| 00| 0 spa d | ||
| 041 | _aspa | ||
| 082 | _a972.861 C947c | ||
| 245 | _aCrónicas y relatos para la historia de puerto Limón | ||
| 260 | _aCosta Rica | ||
| 260 | _bMJCD | ||
| 260 | _c1999 | ||
| 300 | _a381 páginas | ||
| 650 |
_aCOSTA RICA _945261 |
||
| 650 |
_aLIMÓN _94425 |
||
| 650 |
_aHISTORIA _943 |
||
| 650 |
_aCRÓNICAS _915158 |
||
| 650 |
_aHISTORIA _943 |
||
| 942 | _cBK | ||
| 999 |
_c10218 _d10218 |
||